[Event "Zottegem-Jean Jaures 5-3"]
[Site "?"]
[Date "2017.03.26"]
[Round "10"]
[White "Mannaert, Erwin"]
[Black "Witt, Rob"]
[Result "1-0"]
[WhiteElo "1952"]
[BlackElo "2190"]
[Annotator "Witt"]
[PlyCount "77"]
[EventDate "2017.??.??"]

1. e4 e6 2. d3 {Gelukkig deze keer geen ruilvariant.} d5 {Een opstelling met
c5 en g6 speel ik ook wel eens.} 3. Nd2 c5 {En het alternatief Pf6 heb ik
vroeger vaak gespeeld.} 4. Ngf3 Nc6 5. g3 Bd6 6. Qe2 {Op dit moment niet zo
gebruikelijk.} Nge7 7. Bg2 Qc7 8. c3 O-O 9. O-O Bd7 10. Re1 f6 {Via
zetverwisseling is een bekende stelling ontstaan die ik echter nog nooit op
het bord heb gehad. Beiden hebben een kwartierje verbruikt.} 11. Nf1 (11. a3 {
is waarschijnlijk beter.}) 11... dxe4 $6 {Na 10 minuten een slecht plan.} ({
Mijn eerste gedachte was} 11... b5 {maar bij nader inzien beviel dat niet zo na
} 12. exd5 exd5 13. d4) ({Ik heb} 11... d4 $1 {nauwelijks overwogen omdat de
stelling dan zo gesloten wordt. Toch is dat de meest natuurlijke e beste zet.})
12. dxe4 e5 13. Rd1 Be6 14. Ne3 Na5 {Tot hier had ik ongeveer gekeken toen ik
tot 11.... dxe4 besloot. Een wit paard op d5 ruil ik en daarna wilde ik
langzaam g6 en f5 en e4 voorbereiden. Dat is echter niet goed te realiseren en
bovendien heeft wit ook andere mogelijkheden dan Pd5.} 15. Nh4 {Na 10 minuten.}
g6 16. Nd5 {Na bijna 20 minuten.} ({Terwijl wit nadacht bedacht ik dat} 16. Ng4
$5 {en 16.Lf3 ook interessante zetten zijn en misschien wel beter.}) 16... Nxd5
17. exd5 Bf7 $6 {Gedachtenloos en a tempo gespeeld.} ({Als ik het plan met f5
en e4 wil voorbereiden was} 17... Bd7 {beter geweest.}) 18. Bh6 Rfe8 19. Qg4
Qc8 20. Qa4 ({Verrassend dat Stockfish f5 wil uitlokken met} 20. Qe4 f5 $6 21.
Qa4 b6 22. Nf3 $14) 20... b6 21. Qc2 Kh8 {Waarschijnlijk onnodig, maar ik deed
het om eventueel Tg8 bij de hand te hebben als wit met Le4 dreigt te offeren
op g6. Wit nog een half uur, zwart 3 kwartier.} 22. Re1 Qd7 23. Rad1 Rad8 24.
a4 $2 {Na 8 minuten deze rare zet. Misschien droomde wit van de manoeuvre
Lg2-f1-b5.} ({Normaal leek me} 24. c4 {met wederzijdse kansen.}) 24... c4 $15 {
Natuurlijk, nu staat zwart beter. Pion a4 is zwak en pion d5 is ook een
aanvalsobject.} 25. Bf1 {Na 9 minuten.} Rc8 ({Nauwkeuriger lijkt} 25... Bc5 {
de dame opzij en Td6.}) 26. Be3 $6 {De loper stond goed op h6.} Red8 ({Dit was
een mooie gelegenheid om mijn loper om te spelen naar g7.} 26... Bf8) 27. Ng2
$6 {Nu kan de loper niet meer naar g2.} Qb7 ({De engine is heel enthousiast
over} 27... g5 $5 {maar dat heb ik niet overwogen omdat ik bezig ben met de
belegering van de d-pion.}) 28. Qe4 $6 ({Het beste was om terug te gaan met} 
28. Nh4) 28... Be7 ({Vooral niet} 28... f5 {wegens} 29. Qh4 {en pion e5 wordt
ook zwak.}) 29. Nh4 Qd7 $2 {Ik zag spoken en dacht na een paar minuten dat ik
niet op d5 kon slaan.} ({Er was echter niks mis met de pionwinst} 29... Rxd5 {
Ik zag echter in een flits} 30. Nxg6+ $2 (30. Bg2 Rxd1 $17) (30. Rxd5 Qxd5 $17)
30... hxg6 31. Qh4+ Kg8 32. Bg2 {en stopte hier. Onzin natuurlijk, want zwart
heeft gewoon} Rxd1 $19 {met stukwinst.}) 30. Bg2 {Een begrijpelijke zet waarna
zwart nog steeds beter staat.} ({Goed was} 30. f4 $1 {met onduidelijke
stelling.}) 30... Bd6 $6 ({Het was tijd om mijn paard te aktiveren met} 30...
Nb7 $15) 31. Nf3 {Wit nog 5 minuten, zwart 25 minuten. Het witte spel maakte
op mij een planloze indruk. Hij heeft al zijn stukken weer teruggetrokken en
ook zijn lichaamstaal verried dat hij het eigenlijk niet meer zag zitten. Na
afloop bevestigde hij dat ook. En binnen 2 minuten speelde ik het afgrijselijke
} Qxa4 $4 32. Qh4 $18 {Ik zag dat het meteen uit was. Ik zocht naar een zet
waarna hij zoveel winstvarianten had dat hij in tijdnood misschien in de war
zou raken. En na een kwartiertje koos ik voor} Be7 {en na 2 minuten kwam} 33.
d6 {Goed genoeg.} ({Maar nog erger was} 33. Nxe5 Qe8 34. Bd4 $18 {Bijna +10
aldus Stockfish.}) 33... g5 {en na weer 2 minuten volgde} 34. Qh6 {nog 2
minuten.} (34. Nxg5 fxg5 35. Bxg5 {kon ook. Ruim + 10.}) 34... Kg8 {A tempo.
Ik had nog 10 minuten. Het witte voordeel loopt op naar +18 als wit zijn paard
op e5 offert en +24 als hij het op g5 offert.} 35. Nxe5 {Hij heeft nog 1
minuut.} fxe5 36. dxe7 $4 {Geeft na een half minuutje alles weg en dit had
zelfs moeten verliezen. Maar dat had ik zelf niet door.} ({Na} 36. Be4 $1 {
loopt zwart mat.}) 36... Rxd1 37. Be4 {Dit was zijn pointe. Eerlijk gezegd
vond ik dat knap gezien en ik sloeg a tempo zijn andere toren.} Rxe1+ $4 {
Wie zou dit niet gespeeld hebben in de tijdnoodfase? En ook in de korte
analyse na afloop ging dit moment ongemerkt voorbij.} ({Pas bij het invoeren
van de partij zie ik dat ik had kunnen winnen met} 37... Bg6 $3 {De pointe is
dat ik na} 38. Bxg6 {Na andere zetten blijf ik een toren voor.} Rxe1+ 39. Kg2 {
met} Qc6+ {de loper ophaal, waarna ik twee torens voor sta.}) 38. Kg2 {Ik
dacht dat het uit was en speelde nog} Bg6 $4 ({Ik had nog even gekeken naar} 
38... Rg1+ $1 {maar dacht dat het niks was. Na afloop zagen we echter} 39. Kxg1
Qd1+ 40. Kg2 Qh5 {Die was me volkomen ontgaan. We constateerden dat zwart een
volle toren voor staat en keken niet verder. Toen ik op de terugweg Michael
mijn partij liet zien op zijn telefoon, zei zijn telefoon tot mijn
verbijstering dat de kansen ongeveer gelijk waren als wit Df6 speelt. En
thuisgekomen vindt Stockfish zelfs dat wit beter staat na} 41. Qd6 $1 {Zwart
lijkt niet beter te hebben dan} ({Het verschil is dat zwart na} 41. Qf6 Nc6 42.
Bxc6 Qg6 $1 $11 {heeft.}) 41... Nc6 42. Bxc6 Rxc6 43. Qxc6 {en zwart blijft
problemen houden.}) 39. Bd5+ {En walgend van mezelf feliciteerde ik mijn
tegenstander. Er gebeurden meer rare dingen in deze wedstrijd zodat wij geheel
onnodig met 5-3 verloren.} 1-0

[Event "Caissa - ASV 51/2-41/2"]
[Site "?"]
[Date "2017.04.01"]
[Round "8"]
[White "De Vries, Eelco"]
[Black "Witt, Rob"]
[Result "1-0"]
[WhiteElo "2231"]
[BlackElo "2175"]
[Annotator "Witt"]
[PlyCount "91"]
[EventDate "2017.??.??"]

{Ik was goed uitgerust en was vastbesloten om mijn negatieve serie van drie
nullen op rij (België en 2x intern) te doorbreken. Ik had me voornamelijk op
het Koningsindisch met g3 voorbereid maar helaas trof ik een tegenstander die
1.e4 opent.} 1. e4 e6 2. d4 d5 3. Nd2 c5 4. exd5 Qxd5 {Ik had gezien dat Eelco
Tarrasch speelt maar geen partijen gezien met deze variant.} 5. Ngf3 cxd4 6.
Bc4 Qd6 7. O-O Nf6 8. Nb3 Nc6 9. Nfxd4 {Het was me tijdens de partij niet
opgevallen, maar normaal slaat wit altijd met het andere paard. Het lijkt
echter niet uit te maken.} Nxd4 10. Qxd4 {Ik weet alleen dat dit als
onschuldig te boek staat, maar verdere kennis ontbreekt.} Qxd4 11. Nxd4 a6 $6 {
Kennelijk is dit al onnauwkeurig.} ({In al mijn Franse literatuur wordt} 11...
Bd7 {aanbevolen. Meestal gevolgd door Tc8 en soms 0-0-0.} 12. Nb5 $2 {is geen
dreiging wegens} Rc8) 12. a4 {Na 10 minuten.} h6 $6 $146 {Na bijna een
kwartier waarin ik allerlei onzinnige redenen had bedacht waarom dit beter zou
zijn dan een zet met een van mijn lopers.} 13. h3 {Na 18 minuten. hij wil zijn
zwarte loper op e3 zetten zonder last te hebben van Pg4.} ({Ik had ondertussen
o.a. gekeken naar} 13. Bf4 Be7 14. Rfe1 O-O 15. Nf5 Bb4 16. c3 exf5 17. cxb4 {
wat me een beetje ongemakkelijk leek voor zwart.}) 13... Bd6 {Na 6 minuten.
Het leek me dat mijn loper op deze diagonaal hoort om eventueel een keer e5 te
ondersteunen.} 14. Rd1 Bc7 ({Op} 14... Ke7 {is} 15. Re1 {vervelend.}) 15. Be3
O-O 16. b4 {Na 10 minuten. Stockfish vindt de kansen vrijwel gelijk, maar ik
was niet tevreden met mijn stelling.} Rd8 (16... Bd7 $5 {Ik weet niet meer
waarom ik dit niet gespeeld heb.}) 17. Nb3 Ne4 $6 {Na 12 minuten. Beide
spelers hebben nog drie kwartier.} ({De voorkeur van Stockfish} 17... Bd7 {
beviel me niet wegens} 18. Nc5 Bc6 19. b5 Bd5 20. Be2 {met de dreiging c4.
Maar zwart kan verder gaan met} Be5 $1 {waarna wit alleen kans op voordeel
heeft met} 21. c4 $5 (21. Rab1 axb5 22. axb5 Ne4 $11) 21... Bxa1 22. Rxa1 {
en nu zal zwart een stuk moeten geven met onduidelijke stelling.}) 18. Rxd8+
Bxd8 19. Bd4 (19. Rd1 $5) 19... Bd7 $6 ({Na} 19... Be7 20. c3 Bd7 21. Bd3 {
lijkt er nog niet zoveel aan de hand al blijft het ongemakkelijk voor zwart.})
20. Bd3 Nd6 21. Be5 Be7 {Beide spelers nog een half uur.} 22. c4 f6 23. Bc3 e5
{Na 8 minuten. Er waren ook andere zetten. Het kost veel energie om iedere
keer te bekijken wat de consequenties zijn van een wit paard naar a5 of c5 of
pion naar c5.} 24. c5 Ne8 25. Na5 {Na 10 minuten.} Rb8 26. Nc4 {Zo'n beetje de
eerste zet die Eelco a tempo speelde. Kennelijk wilde hij b6 eruit halen.} ({
Ik maakte me vooral zorgen over} 26. Bd2 {om de loper om te spelen naar e3.
Minder goed leek me dan} b6 27. cxb6 Rxb6 28. b5 axb5 29. Be3 Rd6 (29... Rb8
30. axb5 Bxb5 31. Rb1 Nc7 32. Nc6 $16 (32. Be4 $1 {is nog sterker volgens
Stockfish.})) 30. Bxb5 Nc7 31. Bc5 Nxb5 32. axb5 $16) ({En ook na} 26. Be4 {
wist ik nog niet of ik b6 kon spelen.}) 26... Nc7 27. Nb6 Bc6 28. Bc4+ Kf8 29.
Rb1 {Na 8 minuten.} (29. Rd1) 29... Rd8 {Wit nog 12 minuten, zwart een
kwartier.} 30. f3 $2 {Na 6 minuten.} (30. Be1) 30... Nd5 $2 {Ik was zo
opgelucht dat het ergste achter de rug leek dat ik niet naar alternatieven
keek en snel de paarden wilde ruilen.} ({Als ik even had nagedacht had ik
ongetwijfeld gezien dat de laatste zet van wit fout was wegens} 30... a5 $1 {
En plotseling is het wit die voor remise moet vechten.}) 31. Nxd5 Bxd5 32. Be2
{En hierna wilde ik remise aanbieden, maar ik moest eerst nog een zet doen.}
Ke8 $6 {Een beetje moe geworden deed ik er maar eentje en liet deze vergezeld
gaan van een remiseaanbod. Er waren twee betere zetten.} (32... a5 33. bxa5
Bxc5+ 34. Kf1) (32... e4) {De teamleider van ASV gaf aan dat Eelco door moest
spelen.} 33. Kf1 {Vanaf nu begin ik onbegrijpelijk slecht te spelen. Ik zag
niets of ik zag spoken.} ({Volgens Stockfish geeft} 33. a5 {wit nog een plusje.
}) 33... Kf8 ({Waarom niet gewoon} 33... Kf7 {en Ke6 en f5. Wit heeft niks. Op
een van de volgende zetten kon dat ook nog.}) 34. Be1 Rc8 35. Bf2 Be6 $6 36.
Rc1 ({De engine blijft iedere keer} 36. a5 {aanbevelen met een plusje.}) 36...
Kf7 {Allebei nog 4 minuten.} 37. Be3 g5 $6 ({Waarom niet gewoon} 37... f5) 38.
Bd3 Bd5 $2 (38... f5) 39. Bf5 Rc7 $2 {Hier staat de toren heel ongelukkig.} 40.
b5 $18 axb5 41. axb5 Be6 42. Be4 Bc8 (42... f5 {wat mijn bedoeling was, helpt
ook niet.} 43. b6 Rd7 44. Bxb7 Rxb7 45. c6 Rb8 46. b7 {Zwart kan nog wel taai
verdedigen met} Bd7 {niet gezien.} 47. Ba7 Bxc6 48. Bxb8 Bxb7 49. Bxe5 {
Maar ik neem aan dat wit dit op den duur wint.}) 43. Kf2 Bd8 44. b6 Re7 45. Rd1
Ke8 (45... Re8 46. Bxb7) 46. Bg6+ {Ook in de analyse na afloop zag ik vrijwel
niets. Gelukkig wonnen we de wedstrijd met 5½-4½.} 1-0

[Event "Caissa intern 2016-2017"]
[Site "?"]
[Date "2017.04.04"]
[Round "2.12"]
[White "Van der Vlis, Peter"]
[Black "Witt, Rob"]
[Result "0-1"]
[WhiteElo "1765"]
[BlackElo "2175"]
[Annotator "Witt"]
[PlyCount "62"]
[EventDate "2017.??.??"]

{Deze avond kreeg ik onze voorzitter als tegenstander. Peter leek een beetje
verbouwereerd dat hij tegen mij moest en wilde achter de zwarte stukken
plaatsnemen. 'Je hebt wit', zei ik. 'Ja maar, jij bent Witt', reageerde Peter
gevat.} 1. d4 Nf6 2. c4 e6 3. Nc3 Bb4 4. Qc2 c5 5. dxc5 Bxc5 ({Een ander
respectabel systeem is} 5... O-O 6. a3 Bxc5 7. Nf3 b6) 6. Nf3 b6 {Mijn hand
speelde dit a tempo.} ({Mijn hoofd wilde eigenlijk de volgende variant spelen.
} 6... Qb6 7. e3 Qc7) 7. Bg5 Bb7 8. e3 O-O 9. Bd3 h6 10. Bh4 Be7 11. Bg3 a6 12.
h3 d6 13. e4 Nbd7 14. Bf4 Nc5 15. Rd1 Qc7 {Na 10 minuten.} ({Ik overwoog ook} 
15... b5 16. Nd2 (16. cxb5 axb5 {leek me heel goed voor zwart.}) 16... b4 17.
Ne2 a5 {Maar ik vond de stelling te gesloten.}) 16. Be3 $2 {Wit heeft een half
uur gebruikt, zwart 20 minuten. Dit is al de 5e zet met deze loper. Dat kan
toch niet goed zijn.} Nxd3+ {Ik heb geen alternatief overwogen.} ({Stockfish
geeft de voorkeur aan} 16... b5 {bijv.} 17. Bxc5 (17. cxb5 Nxd3+ 18. Qxd3 axb5
$17) 17... Qxc5 18. cxb5 axb5 19. a3 Rfc8 $17) 17. Qxd3 Rac8 {Ook hier heb ik
geen alternatieven overwogen. Ik zit weer een beetje oppervlakkig te spelen.} (
17... b5 {kwam zeker in aanmerking.}) 18. b3 $6 {A tempo deze minder goede zet
die ik wel verwachtte.} ({Relatief leek me} 18. O-O {bijv.} Qxc4 19. Qxc4 Rxc4
20. e5 Ne8 21. Nd2 Rc6 22. f4 b5 {Maar ook dit is iets beter voor zwart
dankzij het loperpaar.}) 18... b5 19. Nd2 d5 20. exd5 exd5 21. Nxd5 Nxd5 {
En ook hier heb ik geen alternatieven overwogen. Ik wil immers het loperpaar
overhouden.} ({Voor mij toch wel verrassnd dat Stockfish als sterker aangeeft} 
21... Bxd5 $1 22. cxd5 Rfd8 23. O-O Nxd5 {en wit heeft het moeilijk, bijv.} 24.
Qf5 Nxe3 25. fxe3 Bg5 $17) 22. cxd5 Rfd8 23. O-O Rxd5 24. Qe2 ({Na} 24. Qb1 {
krijgt zwart koningsaanval.}) 24... Rcd8 ({Veel sterker was mijn eerste
gedachte} 24... Qc2 $1 {waar ik wel naar gekeken heb. Ik ben vergeten waarom
ik dit verworpen heb.}) 25. Rc1 $6 ({Ik verwachtte het betere} 25. Nf3 Bf6 26.
Rxd5 Rxd5 27. Rd1 Qd7 28. Rxd5 Qxd5 {waarna Peter een ongemakkelijk eindspel
moet zien te verdedigen.}) 25... Qd7 26. Ne4 {Wil graag Pc5 spelen.} Qe6 {
Verhindert Pc5 hoewel ik zag dat dit geen dreiging is.} ({Ter illustratie} 
26... Ba3 {Misschien wel de beste zet.} 27. Nc5 Rxc5 28. Rxc5 Bxc5 29. Bxc5
Bxg2 $1) 27. Qg4 $4 {Na 4 minuten een afschuwelijke blunder.} f5 28. Qg3 fxe4
29. Rc7 R5d7 30. Rxd7 Rxd7 31. Rc1 Ba3 {En Peter geloofde het wel.} 0-1

[Event "Jean Jaures 2 - St-Amandsberg 4-2"]
[Site "?"]
[Date "2017.04.23"]
[Round "11"]
[White "De Vleeschauwer, Maarten"]
[Black "Witt, Rob"]
[Result "1-0"]
[WhiteElo "2077"]
[BlackElo "2175"]
[Annotator "Witt"]
[PlyCount "85"]
[EventDate "2017.??.??"]

{In deze belangrijke degradatiewedstrijd van Jean Jaurés 2 trof ik een jonge
Belg die mij de voorbereiding niet was opgevallen. Hij had dit seizoen ook
maar twee keer meegedaan. Wel jammer, want juist van hem zie ik nu in de
database wel veel recente partijen en met name diverse partijen met zijn
bestrijdingswijze van het Frans die nu ook op het bord komt.} 1. e4 e6 2. Nc3
d5 3. Nf3 Nf6 4. e5 Nfd7 5. d4 c5 6. dxc5 Nc6 7. Bf4 Bxc5 ({Michael vertelde
me na afloop dat enthousiast was over het minder vaak gespeelde zetje} 7... a6
{met het idee} 8. Bd3 Nxc5 {Ik vind het weer indrukwekkend dat Michael in zijn
korte Franse periode zelfs alle zijvarianten bestudeerd lijkt te hebben.}) 8.
Bd3 a6 {Ik wist dat dit gespeeld wordt, maar verdere kennis ontbreekt.} ({
Tot hier had Maarten alles a tempo gespeeld zodat ik maar afwijk van de
hoofdvariant waarmee ik in het verleden ervaring heb opgedaan.} 8... f6 9. exf6
Nxf6 10. O-O O-O {en zwart staat solide maar kan moeilijk op winst spelen.}) 9.
Qd2 {Normaal rokeert wit kort.} b5 10. O-O-O $2 {Na ruim 20 minuten deze veel
te riskante zet.} (10. h4 Qb6 11. Kf1 f6 12. exf6 Nxf6 13. Re1 O-O 14. h5 Ra7 {
(47.1-0) Nepomniachtchi,I (2602)-Volkov,S (2636) Novokuznetsk 2008}) 10... Qa5
{Hierna ging ik naar buiten voor een rookpauze en ik probeerde de gedachte uit
te bannen dat dit een snel punt ging worden.} 11. Qe2 $2 {Na 10 minuten een
zet die ik niet verwacht had. Kennelijk wil wit b5-b4 beantwoorden met Pxd5 en
e6.} ({Het enige leek me} 11. Kb1 {waarna ik mijn damevleugel verder wilde
ontwikkelen met} Bb7 {en Tc8.} ({Misschien was Maarten bang voor} 11... b4 12.
Ne2 Bxf2 {maar dat is nodeloos riskant.})) 11... Nb6 {Na 7 minuten. Dekt d5 en
richt weer een stuk richting koningsvleugel. Ik had geen idee wat wit nu zou
spelen.} ({Ik was te lui om} 11... b4 12. Nxd5 exd5 13. e6 {serieus te
bekijken. Stockfish vindt het heel goed voor zwart na} Nf6 14. exf7+ Kxf7) ({
Erger is dat ik helemaal niet heb gekeken naar} 11... d4 $1 {en zwart staat
zo'n beetje op winst.}) 12. Nd2 {Na bijna 20 minuten. Ook deze kwam als een
verrassing. En nu was het mijn beurt om ruim 20 minuten na te denken wat niet
al te soepel ging.} Na4 $6 {Geen slechte zet, maar er was veel beter.} ({
Mijn eerste gedachte was natuurlijk het beste} 12... Ba3 $1 {Ik kon echter
niks vinden op} 13. Ncb1 ({Heel slecht is} 13. bxa3 Qxa3+ 14. Kb1 Qxc3 15. Nb3
Na4 16. Bc1 Nxe5 $19) 13... Bxb2+ 14. Kxb2 Qb4+ 15. Ka1 Na4 (15... Qxf4 $19)
16. Nb3 {Het was me volkomen ontgaan dat Lf4 ongedekt staat, dus} Qxf4 {
en zwart staat op winst.}) 13. Nxa4 $6 {Na 18 minuten. Hier was ik wel blij
mee.} ({Het alternatief wat me veel tijd gekost had, was} 13. Nb3 Nxc3 14. Qg4
$1 Qb4 $1 {Hier had ik dus wel gezien dat ik Lf4 aanval zodat wit niet op g7
kan nemen.} 15. bxc3 (15. a3 Nxe5 $1 {en nu heeft wit geen damezet wegens
Pxd3+ en Dxf4.} 16. axb4 Nxg4 17. bxc3 Bb6 $17) 15... Qa3+ 16. Kb1 Bf8 {
en deze stelling beoordeelde ik als iets beter voor zwart.}) 13... Qxa4 ({
Ik was een beetje moe geworden en wilde geen energie steken in de pros en cons
van} 13... bxa4) 14. Qg4 g6 $6 ({De engines geven de voorkeur aan} 14... Bf8 $1
{wat me achteraf ook beter lijkt. Wit heeft geen aanknopingspunten en zwart
heeft nog steeds aanval.}) 15. Qg3 {Weer een zet die ik niet verwacht had. Wit
wil kennelijk pion e5 niet verliezen.} ({Maar na} 15. Kb1 {zou ik niet op e5
nemen maar} Nb4 {spelen. bijv.} 16. a3 Nxd3 17. cxd3 Rb8 $17) 15... Qxa2 16.
Nb3 Bb4 $1 17. Bd2 Qa4 $6 {Ik sta een gezonde pion voor en het was tijd om
mijn ontwikkeling te voltooien.} ({Veel beter was} 17... Bd7) 18. Bxb4 Qxb4 19.
h4 h5 {Na afloop dacht ik dat ik het loperoffer niet had moeten toelaten.
Tijdens de partij dacht ik dat het loperoffer slecht was en daarom liet ik het
bewust toe. Dat oordeel klopt ook alleen begin ik vervolgens slecht te spelen
en zie niks meer.} 20. Bxg6 {Zwart heeft nog 5 minuten en ik nog bijna een
half uur. Wanhoop, dacht ik en mijn tegenstander beaamde dat na afloop.} Rg8 {
A tempo dwing ik wit zijn loper te offeren.} ({Op zich goed genoeg maar
Stockfish geeft als veel sterker} 20... a5 $1 {Als wit nu op f7 offert heb ik
vergeleken met de partij de extra zet a5 en bovendien staat mijn toren beter
op h8 zodat h5 gedekt staat.}) 21. Bxf7+ Kxf7 22. Qf3+ Ke8 23. Qxh5+ Kd8 24. g3
Ra7 $2 {Die deed ik vrij snel.} ({Ik snap achteraf niet waarom ik niet koos
voor} 24... Bd7 $19 {Mijn koning kan zonodig naar c7 en ik kan nog aanvallen
met a6-a5-a4. Wit heeft niets.}) 25. Qf3 Rf8 $2 {Jaagt de dame alleen maar
naar een beter veld.} 26. Qe3 Rc7 27. h5 Rff7 $2 {Ik had hier nog 18 minuten.}
(27... Ke8 28. Rh4 Qe7 {is nog steeds beter voor zwart.}) 28. h6 Nxe5 $4 {
Dit slaat helemaal nergens op. Ik kon kennelijk niet meer helder denken en ik
laat me ook meeslepen door de witte tijdnood.} (28... Rh7 {maar het is
inmiddels al onduidelijk.}) 29. Qxe5 $2 {Wit profiteert niet meteen} ({Hij kon
toeslaan met} 29. h7 $1 Rxh7 30. Rxh7 Rxh7 31. Qxe5 $18) 29... Qxb3 30. Qg5+
Rfe7 $2 {Al weer een rotte.} ({Ik kon het nog houden na} 30... Kd7 $1 31. Qg6
Kd6 {en op} 32. h7 (32. Rh2 Rf5 $1 33. f4 Qe3+ 34. Kb1 Rf8) 32... Rxf2 33.
Rxd5+ (33. Rd2 $2 Qa4 $1) 33... Qxd5 34. Rd1 ({of de computervariant} 34. h8=Q
Qd2+ 35. Kb1 Rxc2 36. Qgg7 Rxb2+ 37. Qxb2 Qd3+ 38. Ka1 Rxb2 $11) 34... Qxd1+
35. Kxd1 Rh2 $11) 31. Qg8+ {Nu is het uit.} Kd7 32. Qg6 Qf3 33. h7 Rxh7 34.
Rxh7+ Kc6 35. Rd3 Qe2 36. Rxc7+ (36. Qe8+) 36... Kxc7 37. Qg7+ Kb8 38. Qd4 Bb7
39. Rd2 Qe1+ 40. Rd1 Qa5 {Hier ging ik even naar buiten om mijn zonden te
overdenken.} 41. Kb1 Qc7 42. Rh1 Qd6 43. f4 {En ik feliciteerde mijn
tegenstander. Gelukkig won het team met 4-2 zodat we ons gehandhaafd hebben.}
1-0